Auditing: principles and problems (Record no. 97346)

MARC details
000 -LEADER
fixed length control field 00444nam a2200193Ia 4500
003 - CONTROL NUMBER IDENTIFIER
control field OSt
005 - DATE AND TIME OF LATEST TRANSACTION
control field 20220331144138.0
008 - FIXED-LENGTH DATA ELEMENTS--GENERAL INFORMATION
fixed length control field 210210b1990 xxu||||| |||| 00| 0 eng d
040 ## - CATALOGING SOURCE
Original cataloging agency AL
Transcribing agency
041 ## - LANGUAGE CODE
Language code of text/sound track or separate title English
082 ## - DEWEY DECIMAL CLASSIFICATION NUMBER
Classification number 657.45 SHAA
100 ## - MAIN ENTRY--PERSONAL NAME
Personal name SHARMA (T R)
9 (RLIN) 27027
245 ## - TITLE STATEMENT
Title Auditing: principles and problems
250 ## - EDITION STATEMENT
Edition statement 9
260 ## - PUBLICATION, DISTRIBUTION, ETC.
Place of publication, distribution, etc. Agra.
Name of publisher, distributor, etc. Sahitya Bhavan
Date of publication, distribution, etc. 1990
300 ## - PHYSICAL DESCRIPTION
Extent vi,480
906 ## - LOCAL DATA ELEMENT F, LDF (RLIN)
a 048604
942 ## - ADDED ENTRY ELEMENTS (KOHA)
Source of classification or shelving scheme Dewey Decimal Classification
Koha item type Book
Holdings
Withdrawn status Lost status Source of classification or shelving scheme Damaged status Not for loan Collection code Home library Current library Date acquired Cost, normal purchase price Total Checkouts Full call number Barcode Date last seen Price effective from Koha item type Shelving location
    Dewey Decimal Classification     Commerce St Aloysius Library St Aloysius Library 02/17/2021 45.00   657.45 SHAA 044568 02/17/2021 02/17/2021 Book  
    Dewey Decimal Classification     Commerce St Aloysius Library St Aloysius Library 02/17/2021 60.00   657.45 SHAA 048604 02/17/2021 02/17/2021 Book Secondary stack section
    Dewey Decimal Classification     Commerce St Aloysius Library St Aloysius Library 02/17/2021 60.00   657.45 SHAA 048603 02/17/2021 02/17/2021 Book